Los derechos del hombre

Gorde:
Xehetasun bibliografikoak
Egile nagusia: Paine, Thomas (autor)
Formatua: Liburua
Hizkuntza:gaztelania
Argitaratua: Buenos Aires Aguilar 1962
Edizioa:3a. ed
Saila:Biblioteca de Iniciación Filosófica, 14
Gaiak:
Etiketak: Etiketa erantsi
Etiketarik gabe, Izan zaitez lehena erregistro honi etiketa jartzen!

MARC

LEADER 00000nam a2200000 a 4500
001 UCP3466
003 CL-VaPUC
008 990625e19620000AG |||||||||||||||||spa|d
082 0 4 |a 323.4  |b PAI  |2 21 
100 |a Paine, Thomas  |e autor  |9 586339 
245 1 4 |a Los derechos del hombre 
250 |a 3a. ed 
300 |a 380 p 
942 |c BK 
945 |d 19990625 00:00:00  |a vberengu 
260 |a Buenos Aires  |b Aguilar  |c 1962 
650 0 |a Derechos humanos  |9 223025 
650 7 |a CIUDADANOS  |2 CL-VaPUC  |9 430754 
650 0 |a Derecho constitucional   |9 222588 
650 0 |a Historia constitucional  |9 256052 
651 0 |a Europa  |9 255156 
583 |a last modification  |c 20131001 12:48:57  |k Rodrigo Vera 
490 0 |a Biblioteca de Iniciación Filosófica, 14 
999 |c 281782  |d 281780 
952 |0 0  |1 0  |4 0  |6 323_400000000000000_PAI_1962  |7 0  |8 A  |9 322769  |a BIBDER  |b BIBDER  |d 2019-11-20  |i 3479153  |o 323.4 PAI 1962  |p 3479153  |r 2023-01-25  |w 2019-11-20  |y BK  |k DER